000 00787cam a2200229 a 4500
001 3469553
005 20180302033251.0
008 930720s1994 flua b 001 0 eng
010 _a 93026906
020 _a0849349109 (acidfree paper)
040 _aDLC
_cDLC
_dDLC
041 _aeng
080 _a636.20852 mal
082 0 0 _a636.20852 mal
_220
100 _a9
101 _anut
245 0 0 _aPrinciples of protein nutrition of ruminants /
_cedited by John Malcolm Asplund.
504 _aIncludes bibliographical references and index.
906 _a7
_bcbc
_corignew
_d1
_eocip
_f19
_gy-gencatlg
942 _2ddc
_cBK
999 _c43918
_d43918